[Event "Werner-Ott-Open Kreuzberger Sommer 2018"]
[Site "Berlin"]
[Date "2018.07.02"]
[Round "3.1"]
[White "Stern, Rene"]
[Black "Kirchhof, Arno"]
[Result "1-0"]
[WhiteElo "2510"]
[BlackElo "2041"]
[Annotator "Stockfish 221017 64 (1m)"]
[PlyCount "83"]
[EventDate "2018.06.30"]
[EventType "swiss"]
[EventRounds "9"]
[EventCountry "GER"]
[WhiteTeam "SK Koenig Tegel 1949"]
[BlackTeam "SC Zugzwang 95"]
[WhiteTeamCountry "GER"]
[BlackTeamCountry "GER"]

{[%mdl 64] D53: Damengambit (Hauptvariante, Abweichungen)} 1. Nf3 d5 2. d4 Nf6
3. c4 e6 4. Nc3 Be7 5. Bg5 h6 6. Bxf6 Bxf6 7. e3 c6 8. Qc2 $146 (8. Qd2 Nd7 9.
h4 h5 10. e4 dxe4 11. Nxe4 Be7 12. Rd1 Nf6 13. Neg5 Ng4 14. Bd3 Bf6 15. O-O g6
16. Qe2 O-O 17. Ne5 Bxg5 18. Nxg4 hxg4 19. hxg5 Qxg5 20. g3 Bd7 21. c5 Rad8 22.
Qe5 Qxe5 {Riazantsev,A (2646)-Bindrich,F (2594) Berlin Meierei Bolle Blitz WM
2015 ½-½ (58)}) 8... Nd7 9. cxd5 exd5 10. Bd3 Be7 11. O-O-O Nf6 12. h3 Be6
13. Ne5 Qa5 14. Kb1 Nd7 15. f4 Nxe5 16. fxe5 O-O-O 17. Bf5 Bb4 18. Ne2 Bd7 19.
Nf4 Rhe8 20. Rhf1 g6 21. Bxd7+ Rxd7 22. e6 $1 fxe6 23. Qxg6 Rde7 24. Qxh6 e5
25. Ng6 Re6 26. dxe5 Qb5 27. Qh5 Bd2 28. Qf5 Bc3 29. Rf2 Kb8 30. Nf8 R6e7 31.
e6 Bg7 32. Nd7+ Ka8 33. Qg4 a5 34. Rc2 b6 35. a4 Qb3 36. e4 d4 37. e5 Qxe6 38.
Qxd4 c5 39. Qd6 Qxd6 40. Rxd6 Bxe5 41. Nxe5 Rxe5 42. Rxb6 1-0

[Event "Werner-Ott-Open Kreuzberger Sommer 2018"]
[Site "Berlin"]
[Date "2018.07.02"]
[Round "3.2"]
[White "Schulz, Olaf"]
[Black "Ahmadinia, Ebrahim"]
[Result "0-1"]
[WhiteElo "2019"]
[BlackElo "2415"]
[Annotator "Stockfish 221017 64 (1m)"]
[PlyCount "68"]
[EventDate "2018.06.30"]
[EventType "swiss"]
[EventRounds "9"]
[EventCountry "GER"]
[BlackTeam "SF Berlin 1903"]
[BlackTeamCountry "GER"]

{[%mdl 64] A48: Königsindisch (ohne c2-c4)} 1. d4 Nf6 2. Nf3 g6 3. Bf4 Bg7 4.
e3 d6 5. Be2 O-O 6. h3 Nbd7 7. O-O Ne4 8. Nbd2 Nxd2 9. Qxd2 e5 10. dxe5 $146 (
10. Bh2 Qe7 (10... f5 11. dxe5 dxe5 12. Qd5+ Kh8 13. Rfd1 Qe7 14. c3 g5 15. Ne1
f4 16. e4 Nf6 17. Qd3 g4 18. hxg4 Nxg4 19. Bxg4 Bxg4 20. f3 Be6 21. b3 Bf6 22.
Kf1 Rg8 23. Rd2 Rg6 24. Ke2 Qc5 25. Kf1 {Krueger,O-Vogel,R (2300) Berlin, 2.
Bundesliga Nord 1994/95 1995 0-1}) 11. c4 b6 12. b4 e4 13. Ne1 f5 14. Nc2 Bb7
15. Rad1 g5 16. c5 Nf6 17. d5 Kh8 18. Bc4 Ne8 19. Nd4 Be5 20. Bxe5+ Qxe5 21.
Ne6 Rg8 22. Bb5 dxc5 23. bxc5 bxc5 24. Nxc5 Nd6 {Ehrke,M (2265)-Jaehnisch,F 
(2245), Luebeck, 2. Bundesliga Nord 1995/96, 1995 1-0 (37)}) (10. Bg3 e4 11.
Nh2 f5 12. f3 exf3 13. Bxf3 Nf6 14. Qd3 Re8 15. Bh4 Bh6 16. Bxf6 Qxf6 17. Ng4
Qg7 18. Nxh6+ Qxh6 19. e4 fxe4 20. Bxe4 c6 21. Rae1 Kh8 22. Qg3 Be6 23. Qxd6
Rad8 24. Qb4 Qh4 {Jugelt,T (2392)-Rosmann,I (2291) Hamburg, 2. Bundesliga Nord
2009/10, 2009 1-0 (35)}) 10... dxe5 11. Bg5 f6 12. Bh4 Qe7 13. Rfd1 Nb6 14. e4
Be6 15. b3 Qa3 16. Qc3 Rac8 17. Rd3 a5 18. Rad1 Qb4 19. Qxb4 axb4 20. c4 Ra8
21. c5 Nc8 22. R3d2 Ra5 23. Rc2 Na7 24. Nh2 Nc6 25. f3 Nd4 26. Rxd4 exd4 27.
Be1 Rfa8 28. c6 b6 29. a4 Bxb3 30. Rb2 Be6 31. Bb5 Rxb5 $1 32. axb5 b3 33. Bf2
f5 34. exf5 gxf5 0-1

[Event "Werner-Ott-Open Kreuzberger Sommer 2018"]
[Site "Berlin"]
[Date "2018.07.02"]
[Round "3.3"]
[White "Malek, Daniel"]
[Black "Werner, Dimo"]
[Result "1-0"]
[WhiteElo "2383"]
[BlackElo "2012"]
[Annotator "Stockfish 221017 64 (1m)"]
[PlyCount "61"]
[EventDate "2018.06.30"]
[EventType "swiss"]
[EventRounds "9"]
[EventCountry "GER"]
[WhiteTeam "SK Zehlendorf"]
[BlackTeam "TSV Schott Mainz"]
[WhiteTeamCountry "GER"]
[BlackTeamCountry "GER"]

{A20: Englische Eröffnung} 1. c4 e5 2. g3 Nf6 3. Bg2 d5 4. cxd5 Nxd5 5. Nf3 Nc6
6. O-O Nb6 7. b3 g6 $146 (7... Be7 8. Bb2 f6 9. d3 Be6 10. Nbd2 O-O 11. Rc1 Qd7
12. Ne4 a5 13. d4 exd4 14. Nxd4 Nxd4 15. Qxd4 Qxd4 16. Bxd4 Nd5 17. Bc5 c6 18.
Bxe7 Nxe7 19. Nc5 Bc8 20. Rfd1 Rb8 21. e4 Re8 22. Nd7 {Polatel,A (2211)
-Wierzbicki,J (2081) Berlin, Werner-Ott-Open Kreuzberger Sommer 2017, ½-½ 
(60)}) 8. Nc3 Bg7 9. Ba3 Bf8 10. Bxf8 Kxf8 11. Qc1 Kg7 12. Qb2 Re8 13. Rfd1 Kg8
14. e3 e4 15. Ne1 Bf5 16. h3 h5 17. d3 exd3 18. e4 Be6 19. Nxd3 Qe7 20. Re1 Qf8
21. Nf4 Rad8 22. e5 Qg7 23. Bxc6 bxc6 24. Ne4 Nd7 25. Nxe6 Rxe6 26. f4 Qf8 27.
Ng5 Re7 28. Qc2 Nb6 29. e6 f5 30. Rad1 Nd5 31. Qxc6 1-0

[Event "Werner-Ott-Open Kreuzberger Sommer 2018"]
[Site "Berlin"]
[Date "2018.07.02"]
[Round "3.4"]
[White "Radovanovic, Jovica"]
[Black "Heerde, Thomas"]
[Result "1-0"]
[WhiteElo "2311"]
[BlackElo "2010"]
[Annotator "Stockfish 221017 64 (1m)"]
[PlyCount "67"]
[EventDate "2018.06.30"]
[EventType "swiss"]
[EventRounds "9"]
[EventCountry "GER"]
[BlackTeam "SC Weisse Dame"]
[BlackTeamCountry "GER"]

{[%mdl 8256] E97: Königsindisch (Klassisches System)} 1. d4 Nf6 2. Nf3 g6 3. c4
Bg7 4. Nc3 O-O 5. e4 d6 6. Be2 e5 7. Be3 Ng4 8. Bg5 f6 9. Bc1 Nc6 10. d5 Nd4 (
10... Ne7 11. h3 Nh6 12. h4 Nf7 13. h5 f5 14. hxg6 Nxg6 15. Qc2 Nf4 16. Bxf4
exf4 17. exf5 Nh6 18. O-O-O Nxf5 19. Bd3 h6 20. Ne2 Be5 21. Rh5 Qf6 22. Rdh1
Bd7 23. Nxe5 dxe5 24. g4 fxg3 25. Nxg3 {Levin,F (2513)-Borriss,M (2455)
Bindlach, 1. Bundesliga 2006/07, 2006 1-0 (58)}) 11. Nxd4 exd4 12. Nb5 $146 {
(!)} (12. Qxd4 f5 13. Qd1 Qh4 14. Bxg4 fxe4 15. Be3 Bxg4 16. Qd2 Qe7 17. h3 Bf5
18. O-O-O a6 19. g4 Bd7 20. Rhe1 Rf3 21. Bd4 Raf8 22. Nxe4 Bxd4 23. Qxd4 R8f4
24. Rd3 Rxf2 25. Rde3 Rf1 26. Rxf1 Rxf1+ {Radovanovic,J (2357)-Barath,M (2285)
Berlin, Lichtenberger Sommer 2017 ½-½ (56)}) 12... f5 13. O-O Ne5 14. Nxd4
fxe4 15. Be3 c5 16. dxc6 bxc6 17. Nxc6 $1 Nxc6 18. Qd5+ Rf7 19. Qxc6 Bb7 20.
Qb5 a6 21. Qb4 a5 22. Qd2 Qf6 23. Rad1 Qxb2 24. Qxb2 Bxb2 25. Rxd6 Ba3 26. c5
Rc7 27. Rfd1 Bc6 28. g4 g5 29. Bc4+ Kg7 30. Bd4+ Kf8 31. Rf6+ Ke8 32. Be5 Ba4
33. Bxc7 Bxd1 34. Bd6 1-0

[Event "Werner-Ott-Open Kreuzberger Sommer 2018"]
[Site "Berlin"]
[Date "2018.07.02"]
[Round "3.5"]
[White "Buttkus, Andre"]
[Black "Hacker, Jonas"]
[Result "0-1"]
[WhiteElo "2004"]
[BlackElo "2291"]
[Annotator "Stockfish 221017 64 (1m)"]
[PlyCount "78"]
[EventDate "2018.06.30"]
[EventType "swiss"]
[EventRounds "9"]
[EventCountry "GER"]
[WhiteTeam "SK Tempelhof 1931"]
[BlackTeam "SC Eppingen"]
[WhiteTeamCountry "GER"]
[BlackTeamCountry "GER"]

{E14: Damenindisch (Zentralsystem)} 1. Nf3 d5 2. e3 Nf6 3. c4 e6 4. b3 Be7 5.
Bb2 O-O 6. Nc3 b6 7. d4 Bb7 8. Bd3 c5 9. O-O Nc6 10. Rc1 (10. Re1 Nb4 11. Bf1
dxc4 12. bxc4 cxd4 13. exd4 Bxf3 14. gxf3 Bd6 15. Ne4 Rc8 16. Qd2 Nc6 17. Qg5
Nxe4 18. Qxd8 Rfxd8 19. fxe4 e5 20. d5 Na5 21. Rac1 Rc7 22. c5 Rxc5 23. Rxc5
bxc5 24. Bc3 Bc7 {Muse,D (2295)-Schulz,R (2265) Berlin BEM 1993 Titelturnier
1-0 (41)}) 10... dxc4 $146 (10... Rc8 11. dxc5 Bxc5 12. cxd5 Nxd5 13. Nxd5 Qxd5
14. Qe2 Nb4 15. Bc4 Qh5 16. a3 Nd5 17. Ba6 Bxa6 18. Qxa6 Ra8 19. b4 Bd6 20. Rc6
Rfd8 21. Qb7 Rdb8 22. Qa6 Rd8 23. Rfc1 Bxb4 24. axb4 Nxb4 25. Qc4 {Marshall,
F-Augsburg & Lewitt, Berlin, Simultan Frank Marshall 1905 1-0 (46)}) (10... Qc7
11. cxd5 exd5 12. Na4 Ne4 13. dxc5 bxc5 14. Bxe4 dxe4 15. Nd2 Ne5 16. Bxe5 Qxe5
17. Nc4 Qg5 18. Qc2 f5 19. g3 Qh5 20. Kg2 f4 21. Rg1 Qf3+ 22. Kf1 fxe3 23. Rg2
exf2 24. Qe2 Qxe2+ 25. Kxe2 {Loose,W-Von Hennig,H, DSB-Kongress Bad Ems 1932,
Aufstiegsturnier, 0-1 (32)}) 11. bxc4 Na5 12. Ne5 Rc8 13. Qe2 Qc7 14. f4 g6 15.
Qf2 a6 16. Qg3 Nh5 17. Qh3 cxd4 18. exd4 Nc6 19. Ne4 f5 20. Ng3 Nxe5 21. fxe5
Nxg3 22. Qxg3 Qd8 23. Rcd1 Qd7 24. h3 Qa4 25. Ra1 Be4 26. Bxe4 fxe4 27. Rxf8+
Bxf8 28. Qg4 Qd7 29. Rc1 Bh6 30. Rc2 Qc6 31. Rc3 Rf8 32. Bc1 Bxc1 33. Rxc1 Rd8
34. Rd1 Qxc4 35. d5 Re8 36. dxe6 Qc5+ 37. Kh1 Qxe5 38. Rd7 Qxe6 39. Qd1 Re7 0-1

[Event "Werner-Ott-Open Kreuzberger Sommer 2018"]
[Site "Berlin"]
[Date "2018.07.02"]
[Round "3.6"]
[White "Rehberg, Raphael"]
[Black "Woerz, Markus"]
[Result "1/2-1/2"]
[WhiteElo "2279"]
[BlackElo "2007"]
[Annotator "Stockfish 221017 64 (1m)"]
[PlyCount "104"]
[EventDate "2018.06.30"]
[EventType "swiss"]
[EventRounds "9"]
[EventCountry "GER"]
[WhiteTeam "SG Lok Brandenburg"]
[BlackTeam "SC Kreuzberg"]
[WhiteTeamCountry "GER"]
[BlackTeamCountry "GER"]

{C54: Italienische Partie (Hauptvariante)} 1. e4 e5 2. Bc4 Bc5 3. Nf3 Nc6 4. d3
Nf6 5. Bb3 d6 6. Nbd2 a6 7. c3 Ba7 8. Nf1 O-O 9. h3 d5 10. Qe2 d4 $146 (10...
h6 11. Ng3 Re8 12. O-O Be6 13. Re1 dxe4 14. dxe4 Bxb3 15. axb3 Qe7 16. Nf5 Qe6
17. N3h4 Kh7 18. Qd3 Ne7 19. Nxe7 Rxe7 20. Nf5 Ree8 21. Qg3 Nh5 22. Qh4 Qg6 23.
Rd1 Nf6 24. Rd3 Qh5 25. Qxh5 {Bui,B (1974)-Lehmann,N (1558) Willingen, DEM
2018 U12, 1-0 (61)}) 11. g4 Be6 12. Ng3 Bxb3 13. axb3 Nd7 14. b4 dxc3 15. bxc3
a5 16. b5 Ne7 17. O-O Ng6 18. d4 Bb6 19. Rd1 Qf6 20. Nf5 Nf4 21. Bxf4 exf4 22.
e5 Qe6 23. Ng5 Qe8 24. Re1 h6 25. Ne4 Nxe5 26. dxe5 Qxe5 27. Qf3 Rfe8 28. Re2
Qxb5 29. Rae1 Re6 30. Qxf4 Qe5 31. Qxe5 Rxe5 32. Neg3 Rxe2 33. Rxe2 a4 34. Ra2
Bc5 35. Ne4 Bf8 36. c4 g6 37. Ne3 c6 38. Nc3 a3 39. Nc2 Bc5 40. Ra1 f5 41. gxf5
gxf5 42. Kf1 Kf7 43. f3 Rg8 44. Ne2 Rd8 45. Nxa3 Rd3 46. Nc2 Rxf3+ 47. Ke1 Rxh3
48. Ra5 b6 49. Ra7+ Kf6 50. Rc7 Rh4 51. Rxc6+ Kg5 52. Kd2 Rxc4 1/2-1/2

[Event "Werner-Ott-Open Kreuzberger Sommer 2018"]
[Site "Berlin"]
[Date "2018.07.02"]
[Round "3.7"]
[White "Gelman, Josef"]
[Black "Kohler, Thomas"]
[Result "1/2-1/2"]
[WhiteElo "1989"]
[BlackElo "2147"]
[Annotator "Stockfish 221017 64 (1m)"]
[PlyCount "74"]
[EventDate "2018.06.30"]
[EventType "swiss"]
[EventRounds "9"]
[EventCountry "GER"]
[WhiteTeam "SC Weisse Dame"]
[BlackTeam "SC Zitadelle Spandau 1977"]
[WhiteTeamCountry "GER"]
[BlackTeamCountry "GER"]

{E63: Königsindisch (6...Sc6)} 1. Nf3 Nf6 2. g3 g6 3. Bg2 Bg7 4. O-O O-O 5. c4
d6 6. d4 Nc6 7. Nc3 Bf5 $146 8. Nh4 Bd7 9. Nf3 a6 10. e4 Bg4 11. h3 Bxf3 12.
Bxf3 Nd7 13. Be3 e5 14. dxe5 (14. d5 Nd4 15. Bg2 c5 16. dxc6 bxc6 17. f4 Qa5
18. Rf2 Rab8 19. Qg4 Rxb2 20. Bxd4 exd4 21. Rxb2 dxc3 22. Rc2 Nb6 23. Qe2 Qc5+
24. Kh2 Nxc4 25. Qd3 h5 26. e5 dxe5 27. Rxc3 e4 28. Qxc4 Qxc4 {Rantanen,
M-Darga,K, Europa-Cup, Stockholm 1960 ½-½}) 14... Ndxe5 15. Be2 Na5 16. Bd4
Nac6 17. Be3 Na5 18. Bd4 c5 19. Bxe5 Bxe5 20. Qd2 Re8 21. Bd3 Rb8 22. f4 Bd4+
23. Kg2 Nc6 24. f5 Bxc3 25. bxc3 Ne5 26. Be2 f6 27. Rad1 Nf7 28. fxg6 hxg6 29.
Qf4 Kg7 30. h4 Qe7 31. Bd3 Qe5 32. Qxe5 Nxe5 33. Be2 Nf7 34. Bd3 Ne5 35. Be2
Nf7 36. Bd3 Ne5 37. Be2 Nf7 1/2-1/2

[Event "Werner-Ott-Open Kreuzberger Sommer 2018"]
[Site "Berlin"]
[Date "2018.07.02"]
[Round "3.8"]
[White "Federau, Juergen"]
[Black "Silz, Elisa"]
[Result "1-0"]
[WhiteElo "2127"]
[BlackElo "1988"]
[Annotator "Stockfish 221017 64 (1m)"]
[PlyCount "95"]
[EventDate "2018.06.30"]
[EventType "swiss"]
[EventRounds "9"]
[EventCountry "GER"]
[WhiteTeam "SC Kreuzberg"]
[BlackTeam "SV Empor Berlin"]
[WhiteTeamCountry "GER"]
[BlackTeamCountry "GER"]

{A45: Damenbauernspiele (Trompowski-Angriff)} 1. d4 Nf6 2. Bg5 Ne4 3. Bf4 c5 4.
f3 Qa5+ 5. c3 Nf6 6. Nd2 cxd4 7. Nb3 Qb6 8. Qxd4 Qxd4 9. cxd4 d5 $146 (9... Nc6
10. Rc1 (10. e4 e6 11. Ne2 d5 12. e5 Nd7 13. Nc3 a6 14. Be3 Nb6 15. Nd2 Bd7 16.
a3 Rc8 17. Bd3 Na5 18. Ke2 Nbc4 19. Nxc4 Nxc4 20. Bxc4 Rxc4 21. Rhc1 Be7 22.
Kd3 O-O 23. b3 Rc6 24. Bd2 Rfc8 {Grosse,M (1901)-Cremer,J (2003) Potsdamer
Weihnachtsturnier 2010 0-1 (32)}) 10... a5 11. a4 d6 12. e4 g6 13. Ne2 Bg7 14.
Be3 O-O 15. Nc3 Bd7 16. Bb5 Rfc8 17. Nd5 Nxd5 18. exd5 Nb8 19. Kf2 Rd8 20. Rc7
Bxb5 21. axb5 Nd7 22. Rxb7 Nf6 23. Ra1 a4 24. Nd2 {Abel,D (2305)-Michna,C 
(2288) 2. Bundesliga Nord 2007/08, 2007 ½-½ (43)}) 10. e3 e6 11. Bd3 Nc6 12.
Rc1 Be7 13. Ne2 O-O 14. g4 Bd7 15. a3 Rfc8 16. Kf2 a6 17. Nc5 Bxc5 18. Rxc5 b6
19. Rc2 Na5 20. Rhc1 b5 21. Rxc8+ Rxc8 22. Rxc8+ Bxc8 23. g5 Nd7 24. e4 Nc4 25.
Bc1 dxe4 26. fxe4 Ndb6 27. b3 Na5 28. Bc2 Bb7 29. Bf4 Nc6 30. Bc7 Nd7 31. Bd6
f6 32. gxf6 Nxf6 33. h3 Nd8 34. Ke3 Nf7 35. Be7 Ng5 36. Bxf6 gxf6 37. h4 Nf7
38. Nf4 Nd8 39. e5 fxe5 40. dxe5 Nc6 41. Be4 Kf7 42. Bxc6 Bxc6 43. Kd4 Ke7 44.
Kc5 Bb7 45. Kb6 Bc8 46. Kc7 Bd7 47. b4 Be8 48. Kb6 1-0

[Event "Werner-Ott-Open Kreuzberger Sommer 2018"]
[Site "Berlin"]
[Date "2018.07.02"]
[Round "3.9"]
[White "Weber, Erwin"]
[Black "Krefenstein, Sergej"]
[Result "1/2-1/2"]
[WhiteElo "1982"]
[BlackElo "2119"]
[Annotator "Stockfish 221017 64 (1m)"]
[PlyCount "39"]
[EventDate "2018.06.30"]
[EventType "swiss"]
[EventRounds "9"]
[EventCountry "GER"]
[WhiteTeam "SC Weisse Dame"]
[BlackTeam "TuS Makkabi Berlin"]
[WhiteTeamCountry "GER"]
[BlackTeamCountry "GER"]

{A48: Königsindisch (ohne c2-c4)} 1. d4 Nf6 2. Nf3 g6 3. Bg5 Bg7 4. Nbd2 O-O 5.
e3 d6 6. Bc4 Nbd7 (6... b6 7. O-O Bb7 8. Qe2 Nbd7 9. Rfd1 h6 10. Bh4 g5 11. Bg3
Nh5 12. Nf1 e6 13. Ne1 Ndf6 14. c3 Qe7 15. Rd2 Nxg3 {Bulthaupt,F-Marschner,J 
(2275) 2. Bundesliga Nord 1990/91, Deutschland 1990 ½-½ (15)}) 7. O-O h6 $146
(7... b6 8. a4 a6 9. c3 Bb7 10. Qe2 e5 11. dxe5 dxe5 12. e4 Qe8 13. b4 h6 14.
Bh4 Nh5 15. Bg3 Nf4 16. Qe3 g5 17. h4 Bf6 18. hxg5 hxg5 19. Nh2 Kg7 20. Ng4 Be7
21. Nf3 f6 22. Bxf4 {Weber,E-Schuh,R, Oberliga Nord Ost 2000/01, 2001 0-1 (44)}
) 8. Bh4 Qe8 9. c3 e5 10. dxe5 dxe5 11. e4 Nh5 12. Bg3 Nb6 13. Bb3 Bg4 14. Qc2
Qe7 15. a4 a5 16. Rfe1 Nf4 17. Bxf4 exf4 18. h3 Bd7 19. Nc4 Nxc4 20. Bxc4
1/2-1/2

[Event "Werner-Ott-Open Kreuzberger Sommer 2018"]
[Site "Berlin"]
[Date "2018.07.02"]
[Round "3.11"]
[White "Rollwitz, Juergen"]
[Black "Kather, Yannick"]
[Result "0-1"]
[WhiteElo "1949"]
[BlackElo "2053"]
[Annotator "Stockfish 221017 64 (1m)"]
[PlyCount "56"]
[EventDate "2018.06.30"]
[EventType "swiss"]
[EventRounds "9"]
[EventCountry "GER"]
[WhiteTeam "SC Rochade"]
[BlackTeam "SC Weisse Dame"]
[WhiteTeamCountry "GER"]
[BlackTeamCountry "GER"]

{D95: Grünfeldindisch (Geschlossenes System)} 1. d4 Nf6 2. Nf3 g6 3. c4 Bg7 4.
Nc3 d5 5. e3 O-O 6. Qb3 c6 7. Ne5 Qb6 $146 (7... Nbd7 8. Nxd7 (8. cxd5 Nxe5 9.
dxe5 Nxd5 10. Nxd5 cxd5 11. f4 b6 12. Bd3 Bb7 13. Qc3 Rc8 14. Qd4 Qd7 15. O-O
Rc7 16. b3 Rfc8 17. Bb2 e6 18. Rac1 Bf8 19. b4 Qa4 20. a3 b5 21. Rxc7 Rxc7 22.
g4 a5 {Zesewitz,M (1071)-Koch,E (1370) Berlin, BJEM 2011 U14, 1. Vorrunde,
2010 1-0 (45)}) 8... Nxd7 9. cxd5 cxd5 10. Qxd5 e6 11. Qd6 e5 12. d5 Re8 13.
Qa3 e4 14. Be2 Qg5 15. O-O Nf6 16. Qd6 Nh5 17. f4 exf3 18. Bxf3 Be5 19. Qb4 Bf5
20. Ne2 Bd3 21. Rd1 a5 22. Qg4 {Grammatikoff,J-Lehmann,H,
Willi-Schlage-Memorial-Turnier, Berlin 1940, 0-1 (50)}) 8. Be2 Nbd7 9. f4 c5
10. Nxd7 Bxd7 11. Qxb6 axb6 12. dxc5 dxc4 13. cxb6 Bc6 14. O-O Nd5 15. Bxc4
Nxc3 16. bxc3 Bxc3 17. Rb1 Rfc8 18. Rb3 Ba5 19. Rb2 Be4 20. Bb3 Ra6 21. Bd2
Bxb6 22. Kf2 Ba7 23. Bb4 Rf6 24. Bxe7 Rxf4+ 25. Ke1 Rc1+ 26. Bd1 Rxf1+ 27. Kxf1
Rxd1+ 28. Ke2 Rd7 0-1

[Event "Werner-Ott-Open Kreuzberger Sommer 2018"]
[Site "Berlin"]
[Date "2018.07.02"]
[Round "3.12"]
[White "Gebigke, Martin"]
[Black "Bui, Bao Anh Le"]
[Result "0-1"]
[WhiteElo "2050"]
[BlackElo "1883"]
[Annotator "Stockfish 221017 64 (1m)"]
[PlyCount "68"]
[EventDate "2018.06.30"]
[EventType "swiss"]
[EventRounds "9"]
[EventCountry "GER"]
[WhiteTeam "SC Kreuzberg"]
[BlackTeam "SV Mattnetz Berlin"]
[WhiteTeamCountry "GER"]
[BlackTeamCountry "GER"]

{E04: Katalanisch} 1. d4 d5 2. c4 (2. Nf3 Nf6 3. c4 e6 4. g3 dxc4 5. Bg2 c6 6.
O-O b5 7. Qc2 Bb7 8. a4 Be7 9. Rd1 a6 10. Ne5 O-O 11. Bg5 h6 12. Bxf6 Bxf6 13.
Nc3 Qc7 14. Ne4 Bxe5 15. dxe5 c5 16. axb5 axb5 17. Rxa8 Bxa8 18. Nf6+ gxf6 19.
exf6 Qe5 20. Bxa8 Na6 21. Bb7 Nb4 22. Qd2 Qxf6 23. Be4 Kg7 24. Kg2 Qe5 25. Bf3
Na2 26. Qc2 Rb8 27. Ra1 Nb4 28. Qb1 c3 29. bxc3 Qxc3 30. Ra7 Qe5 31. Be4 Nd5
32. Bg6 Rf8 33. Bh7 Nc7 34. e3 b4 35. Be4 Nb5 36. f4 Qc3 37. Rb7 Qd2+ 38. Kh3
Nc3 39. Qd3 Qxd3 40. Bxd3 Rd8 41. Bc4 Kf6 42. Kg4 Ne4 43. Be2 Rd2 44. Bf3 h5+
45. Kh3 Nf2+ 46. Kh4 Ne4 47. h3 Nd6 48. Rc7 Nf5+ 49. Kxh5 Rd8 50. Rxc5 Rh8+ {
Keil,U (2138)-Mueller,S (2295), Oberliga Nord Ost 2007/08, Berlin 2007 0-1 (50)
}) 2... e6 3. Nf3 c6 4. g3 Nf6 5. Bg2 Nbd7 6. O-O dxc4 7. Qc2 b5 8. b3 Bb7 9.
bxc4 bxc4 10. Qxc4 c5 11. Ba3 Rc8 12. Qa4 Qb6 13. Nbd2 Qa6 14. Qxa6 Bxa6 15.
Rfe1 c4 16. Bxf8 Kxf8 17. e4 Ke7 18. d5 e5 19. Nh4 g6 20. f4 Kd6 21. Nhf3 Rhe8
22. Bh3 Rc7 23. Rac1 c3 24. Nb3 exf4 25. Bxd7 Kxd7 26. d6 Rc4 27. e5 Nd5 28.
e6+ Rxe6 29. Ne5+ Kxd6 30. Nxc4+ Bxc4 31. Rxe6+ fxe6 32. gxf4 Bxb3 33. axb3 Kc5
34. Kf2 Kb4 0-1

[Event "Werner-Ott-Open Kreuzberger Sommer 2018"]
[Site "Berlin"]
[Date "2018.07.02"]
[Round "3.13"]
[White "Schulz, Hartmut"]
[Black "Von Herman, Ulf"]
[Result "1/2-1/2"]
[WhiteElo "2080"]
[BlackElo "2354"]
[Annotator "Stockfish 221017 64 (1m)"]
[PlyCount "56"]
[EventDate "2018.06.30"]
[EventType "swiss"]
[EventRounds "9"]
[EventCountry "GER"]
[WhiteTeam "SC Rochade"]
[BlackTeam "SK Koenig Tegel 1949"]
[WhiteTeamCountry "GER"]
[BlackTeamCountry "GER"]

{D38: Damengambit (Ragosin-Verteidigung)} 1. d4 Nf6 2. Nf3 d5 3. c4 e6 4. cxd5
exd5 5. Nc3 Bb4 6. Bg5 Nbd7 7. e3 c5 8. Qc2 $146 (8. Be2 Qa5 9. Bxf6 Nxf6 10.
O-O Bxc3 11. bxc3 c4 12. Qc2 O-O 13. Ne5 g6 14. f3 Bf5 15. Qb2 Qc7 16. Rae1
Rab8 17. e4 Be6 18. Bd1 b5 19. Bc2 b4 20. cxb4 c3 21. Qa3 Qb6 22. Rd1 Rfc8 {
Federau,J (2305)-Tischbierek,R (2495), Berliner Sommer 1990 1-0 (57)}) (8. Rc1
Qa5 9. Bd3 (9. Qc2 O-O 10. Be2 Ne4 11. O-O cxd4 12. exd4 Bxc3 13. bxc3 Nxg5 14.
Nxg5 Nf6 15. Bd3 h6 16. Nf3 Qc7 17. Qb3 Be6 18. Ne5 Qc8 {Mai,I (1870)
-Burchardt,B (2165), Suhl, DEM 1979 Frauen (DSV) ½-½ (18)}) 9... c4 10. Bb1
Ne4 11. O-O Nxc3 12. bxc3 Ba3 13. e4 h6 14. Bh4 dxe4 15. Qe2 f5 16. Bxe4 O-O
17. Qxc4+ Kh8 18. Bb1 Nb6 19. Qb3 Bxc1 20. Ne5 Ba3 21. Ng6+ Kh7 22. Nxf8+ Bxf8
{Kapp,M (2072)-Von Herman,U (2374), Berlin, SC Friesen Lichtenberg,
Lichtenberger Sommer 2008, ½-½ (34)}) 8... Qa5 9. Nd2 cxd4 10. exd4 O-O 11.
Be2 Re8 12. O-O Bxc3 13. Nb3 Qc7 14. bxc3 Ne4 15. Bd2 Ndf6 16. Rac1 Bf5 17. Qd1
Qe7 18. Bb5 Rec8 19. f3 Nd6 20. Re1 Qd8 21. Bf1 h6 22. Bf4 Nc4 23. Nc5 b6 24.
Nd3 Nh5 25. Bd2 Bxd3 26. Bxd3 Nb2 27. Qc2 Nxd3 28. Qxd3 Nf6 1/2-1/2

[Event "Werner-Ott-Open Kreuzberger Sommer 2018"]
[Site "Berlin"]
[Date "2018.07.02"]
[Round "3.14"]
[White "Grassi, Fabrizio"]
[Black "Kauschmann, Herbert"]
[Result "1/2-1/2"]
[WhiteElo "1872"]
[BlackElo "2162"]
[Annotator "Stockfish 221017 64 (1m)"]
[PlyCount "115"]
[EventDate "2018.06.30"]
[EventType "swiss"]
[EventRounds "9"]
[EventCountry "GER"]
[WhiteTeam "SV Berlin-Friedrichstadt"]
[BlackTeam "BSC Rehberge 1945"]
[WhiteTeamCountry "GER"]
[BlackTeamCountry "GER"]

{A40: Verschiedene (seltene) Antworten auf 1.d4} 1. d4 g6 2. Bf4 Bg7 3. e3 (3.
Nc3 d6 (3... c5 4. d5 Qa5 5. Qd2 d6 6. e4 Nd7 7. O-O-O Bxc3 8. Qxc3 Qxc3 9.
bxc3 Ngf6 10. Re1 Ne5 11. h3 Rg8 12. Bg5 Ned7 13. Nf3 h5 14. a4 Nh7 15. Bd2 f6
16. Be2 Ne5 17. Nh4 Bd7 18. a5 {Kalabic,F (2223)-Foerster,J (2274) Berlin, 2.
Bundesliga Nord 2015/16, 2016 ½-½}) 4. Nf3 a6 5. e4 b5 6. Bd3 Nd7 7. e5 Bb7
8. Ne4 d5 9. Ng3 e6 10. h4 h6 11. a4 b4 12. c3 bxc3 13. bxc3 a5 14. Qe2 Qc8 15.
O-O Ba6 16. c4 Ne7 17. Rfc1 Nb6 {Meister,J (2460)-Bolk,M (2062) Berlin, WOOKS
2015, 0-1 (56)}) 3... d6 (3... c5 4. c3 cxd4 5. cxd4 Nf6 6. Nc3 O-O 7. Nf3 d5
8. Be2 a6 9. O-O Nc6 10. h3 Bf5 11. Rc1 Rc8 12. Na4 Ne4 13. Qb3 b5 14. Nc5 Nxc5
15. Rxc5 e6 16. Rfc1 Qb6 17. Qc3 b4 18. Rxc6 {Grassi,F (1960)-Schmalzried,V 
(1758), Berlin, SC Friesen Lichtenberg, Lichtenberger Sommer 2008, 1-0}) 4. Be2
$146 (4. Nd2 e5 5. dxe5 dxe5 6. Bg3 Nc6 7. c3 f5 8. Ngf3 h6 9. Bb5 Qe7 10. Qe2
g5 11. h3 Bd7 12. Nc4 f4 13. Bh2 a6 14. Bxc6 Bxc6 15. Qd3 $4 e4 {Kolkwitz,K 
(1720)-Schulz,W (1954) Berlin,BSenEM 2014 0-1 (15)}) 4... Nd7 5. Nf3 e5 6. Bg5
Ngf6 7. O-O O-O 8. c4 h6 9. Bh4 g5 10. Bg3 Ne4 11. Qd3 Nxg3 12. hxg3 Qe7 13.
Nc3 Nf6 14. dxe5 dxe5 15. Nd5 Nxd5 16. Qxd5 Rd8 17. Qa5 e4 18. Nd4 c5 19. Nb5
b6 20. Qa4 Rd2 21. Bh5 Rxb2 22. Rad1 Bd7 23. Qa6 Bxb5 24. cxb5 c4 25. Bg4 c3
26. Rd7 Qf6 27. Qb7 Re8 28. Bh5 Rf8 29. Qxe4 Rxa2 30. Bd1 Qe5 31. Qc4 Rb2 32.
Rd5 Qe6 33. Bg4 Qe7 34. Bh5 Rb4 35. Qc6 Qe4 36. Bf3 Qc4 37. Qxc4 Rxc4 38. Rc1
Rfc8 39. Rd3 R8c5 40. Rd8+ Bf8 41. Bd5 Rc8 42. Bxc4 Rxc4 43. Rc2 Kg7 44. Rd7
Bb4 45. Rd4 Rxd4 46. exd4 Kf6 47. Re2 Kf5 48. f3 Bf8 49. Rc2 Bg7 50. Kf2 Bxd4+
51. Ke2 Ke5 52. Kd3 Kd5 53. Ra2 Be5 54. Rxa7 f6 55. f4 gxf4 56. gxf4 Bxf4 57.
Kxc3 Kc5 58. Rd7 1/2-1/2